00589nam a2200193Ia 4500003000400000005001700004008004100021020001500062050002100077100001700098245008900115260003600204300003400240521000800274526000900282650003700291650005200328650001500380OSt20140428103917.0140130s9999 xx 000 0 und d a0590489100 aG 175b.F75 1994 aFritz, Jean. cJean Fritz.aAround the world in 100 years :bfrom Henry the navigator to Magellan / bScholastic Inc.,aUSA :cc1994. a121 p. :bcol. ill. ;c23 cm. aG12 c1050 aExplorersxJuvenile literature.  aDiscoveries in geographyxJuvenile literature.  aExplorers.